|
|
|
|
| LEADER |
00000nam a2200000 a 4500 |
| 001 |
vtls008689093 |
| 003 |
SK-MaSNL |
| 005 |
20260301021657.0 |
| 008 |
240314s2005 xo l g 000 0 slo |
| 015 |
|
|
|a SNBA2006/04-02058
|
| 020 |
|
|
|a 8080402787
|q (brož.)
|
| 035 |
|
|
|a B1A0AE16-F93A-4F60-929A-6ED9CBF5F325
|
| 035 |
|
|
|a urn:nbn:sk:snk-amky8c
|
| 035 |
|
|
|a urn:nbn:sk:snk-am008qbd
|
| 040 |
|
|
|a SNK
|b slo
|c SNK
|e AACR2
|
| 041 |
0 |
|
|a slo
|
| 044 |
|
|
|a xo
|c SK
|
| 072 |
|
7 |
|a 621.39
|x Telekomunikácie
|2 konspekt
|
| 080 |
|
|
|a (048.8)
|2 2001
|
| 080 |
|
|
|a 517.938
|2 2001
|
| 080 |
|
|
|a 621.396.96
|2 2001
|
| 100 |
1 |
|
|a Špirko, Štefan
|4 aut
|9 311040
|
| 245 |
1 |
0 |
|a Vplyv aktívneho elektronického rušenia na rádiolokačný systém
|b monografia
|c Štefan Špirko
|
| 250 |
|
|
|a 1. vyd.
|
| 260 |
|
|
|a Liptovský Mikulláš
|b Akadémia ozbrojených síl generála Milana Rastislava Štefánika
|c 2005
|
| 300 |
|
|
|a 130 s.
|b grafy, sch.
|c 29 cm
|
| 366 |
|
|
|e 50 výtl.
|
| 650 |
0 |
7 |
|a rádiolokácia
|2 SNKPH
|9 69848
|
| 650 |
0 |
7 |
|a elektronické rušenie
|2 SNKPH
|9 311041
|
| 650 |
0 |
7 |
|a dynamické systémy
|2 SNKPH
|9 63331
|
| 650 |
0 |
7 |
|a elektronický boj
|2 SNKPH
|9 93975
|
| 655 |
|
7 |
|a monografie
|2 SNKPH
|9 70139
|
| 919 |
|
|
|a 80-8040-278-7
|
| 999 |
|
|
|c 565848
|d 567778
|
| 952 |
|
|
|a SNK
|b SNK
|y PREZ
|7 0
|p 17A0505471
|o snkSB 72081
|i snk2006/7259
|8 0
|0 0
|1 0
|4 0
|d 2006-04-06
|l 0
|r 2025-04-25 00:00:00
|w 2026-02-23
|
| 952 |
|
|
|a SNK
|b SNK
|y VYP
|7 0
|p 17A0505450
|o snkSB 72081 D1
|i snk2006/7260
|8 0
|0 0
|1 0
|4 0
|d 2006-04-06
|f 1
|l 0
|r 2016-06-30 00:00:00
|w 2026-02-23
|